Estudio médico-social del convenio sobre reparación de las enfermedades profesionales (Record no. 125003)
[ view plain ]
| 000 -LEADER | |
|---|---|
| campo de control de longitud fija | 01062nam a2200229 i 4500 |
| 001 - NÚMERO DE CONTROL | |
| campo de control | 125003 |
| 003 - IDENTIFICADOR DE NÚMERO DE CONTROL | |
| campo de control | ES-MaACL |
| 005 - FECHA Y HORA DE LA ÚLTIMA TRANSACCIÓN | |
| campo de control | 20230906192532.0 |
| 007 - CAMPO FIJO DE DESCRIPCIÓN FÍSICA--INFORMACIÓN GENERAL | |
| campo de control de longitud fija | t| |
| 008 - DATOS DE LONGITUD FIJA--INFORMACIÓN GENERAL | |
| campo de control de longitud fija | 070426s1931 sp ||||1| spa d |
| 100 1# - ENTRADA PRINCIPAL--NOMBRE DE PERSONA | |
| Nombre de persona | Silván, Leandro. |
| 9 (RLIN) | 106415 |
| 245 10 - MENCIÓN DEL TÍTULO | |
| Título | Estudio médico-social del convenio sobre reparación de las enfermedades profesionales |
| Resto del título | : aprobado en la 7ª reunión (mayo-junio de 1925) de la Conferencia Internacional del Trabajo y examen crítico de su posible aplicación a la economía española / |
| Mención de responsabilidad, etc. | por Leandro Silván. |
| 260 ## - PUBLICACIÓN, DISTRIBUCIÓN, ETC. | |
| Lugar de publicación, distribución, etc. | Madrid : |
| Nombre del editor, distribuidor, etc. | [s.n., |
| Fecha de publicación, distribución, etc. | 1931?] ( |
| Fabricante | Imp. Helénica) |
| 300 ## - DESCRIPCIÓN FÍSICA | |
| Extensión | 112 p. ; |
| Dimensiones | 22 cm. |
| 490 1# - MENCIÓN DE SERIE | |
| Mención de serie | Publicaciones del Instituto Nacional de Previsión ; |
| Designación de volumen o secuencia | 19 |
| 586 8# - NOTA DE PREMIOS | |
| Nota de premios | Obra premiada con el Premio Marvá en el concurso de 1931. |
| 611 24 - PUNTO DE ACCESO ADICIONAL DE MATERIA--NOMBRE DE REUNIÓN/CONGRESO | |
| Nombre de congreso/reunión o jurisdicción como elemento de entrada | Conferencia Internacional del Trabajo ( |
| Número del congreso/reunión o número de parte o sección | 7ª. |
| Fecha del congreso o de la firma del tratado | 1925. |
| Sede del congreso/Lugar de la reunión | Ginebra) |
| 9 (RLIN) | 171574 |
| 650 #4 - PUNTO DE ACCESO ADICIONAL DE MATERIA--TÉRMINO DE MATERIA | |
| Término de materia o nombre geográfico como elemento de entrada | Enfermedades profesionales. |
| 9 (RLIN) | 141802 |
| 830 1# - PUNTO DE ACCESO ADICIONAL DE SERIE-TÍTULO UNIFORME | |
| Título uniforme | Publicaciones del Instituto Nacional de Previsión ; |
| Designación de volumen o secuencia | 19 |
| 9 (RLIN) | 181151 |
| 852 ## - LOCALIZACIÓN | |
| Ubicación | ES-MaACL |
| Número de control de estantería | C-12643(5) |
| Estatus retirado | Estado de pérdida | Estado de daño | No para préstamo | Biblioteca de origen | Biblioteca actual | Ubicación en estantería | Fecha de adquisición | Fuente de adquisición | Total de préstamos | Signatura topográfica completa | Código de barras | Visto por última vez | Precio de reemplazo | Tipo de ítem Koha |
|---|---|---|---|---|---|---|---|---|---|---|---|---|---|---|
| Biblioteca del Ateneo de Madrid | Biblioteca del Ateneo de Madrid | Sala Palomar | 17/01/2008 | C-12643(5) | 1130235 | 23/02/2023 | 23/02/2023 | Libro impreso |
